000 01174nam a22002777a 4500
005 20240530110355.0
008 150105s2010 ua o f 000 0 ara d
017 _a2009/16796
_bمصر . دار الكتب المصرية
020 _a9789770926768
040 _aEG-CaGPL
041 0 _aara
082 0 4 _221
_a962.054
_bق/ط م
100 0 _aطارق حبيب
245 1 0 _aملك و ثلاثة رؤساء :
_bشهادات و اعترافات اكثر من 70 شخصية ارتبطت بحكام مصر /
_cطارق حبيب
250 _aط 1
260 _aالقاهرة :
_bدار الشروق ،
_c2010
300 _a255 ص :
_bصور ؛
_c24 سم
600 0 _aانور السادات
_xصور
651 0 4 _aمصر
_xتاريخ
_yالعصر الحديث
651 0 4 _aمصر
_xتاريخ
_yالعصر الحديث
_xالملك فاروق
651 0 4 _aمصر
_xتاريخ
_yالعصر الحديث
_xمحمد نجيب
651 0 4 _aمصر
_xتاريخ
_yالعصر الحديث
_xجمال عبدالناصر
651 0 4 _aمصر
_xتاريخ
_yالعصر الحديث
_xانور السادات
942 _2ddc
_cBK
999 _c60148
_d60148